Les monnaies d'Athenes / (Record no. 152068)

MARC details
000 -LEADER
campo de control de longitud fija 00605nam a2200181 i 4500
001 - NÚMERO DE CONTROL
campo de control 152068
003 - IDENTIFICADOR DE NÚMERO DE CONTROL
campo de control ES-MaACL
005 - FECHA Y HORA DE LA ÚLTIMA TRANSACCIÓN
campo de control 20250822235312.0
008 - DATOS DE LONGITUD FIJA--INFORMACIÓN GENERAL
campo de control de longitud fija 000810s1858 fr a |||| | fre d
100 1# - ENTRADA PRINCIPAL--NOMBRE DE PERSONA
Nombre de persona Beulé, Charles Ernest,
Fechas asociadas al nombre 1826-1874
9 (RLIN) 147516
245 14 - MENCIÓN DEL TÍTULO
Título Les monnaies d'Athenes /
Mención de responsabilidad, etc. par É. Beulé.
260 ## - PUBLICACIÓN, DISTRIBUCIÓN, ETC.
Lugar de publicación, distribución, etc. Paris :
Nombre del editor, distribuidor, etc. Rollín,
Fecha de publicación, distribución, etc. 1858 (
Fabricante Firmin Didot Freres, fils et Cie.)
300 ## - DESCRIPCIÓN FÍSICA
Extensión 417 p. :
Otras características físicas il. ;
Dimensiones 31 cm.
650 #7 - PUNTO DE ACCESO ADICIONAL DE MATERIA--TÉRMINO DE MATERIA
Término de materia o nombre geográfico como elemento de entrada Numismática griega
Fuente del encabezamiento o término embne
9 (RLIN) 163048
650 #4 - PUNTO DE ACCESO ADICIONAL DE MATERIA--TÉRMINO DE MATERIA
Término de materia o nombre geográfico como elemento de entrada Monedas griegas.
9 (RLIN) 166451
852 ## - LOCALIZACIÓN
Ubicación ES-MaACL
Número de control de estantería F-13862
Nota libre - Enc. hol. grab.
Holdings
Estatus retirado Estado de pérdida Estado de daño No para préstamo Colección Biblioteca de origen Biblioteca actual Ubicación en estantería Fecha de adquisición Fuente de adquisición Total de préstamos Signatura topográfica completa Código de barras Visto por última vez Precio de reemplazo Tipo de ítem Koha
        Libros del s. XIX Biblioteca del Ateneo de Madrid Biblioteca del Ateneo de Madrid Sala Pecera Planta 2 17/01/2008     F-13862 1158735 23/02/2023 23/02/2023 Libro impreso antiguo